| 000 | 00000nam 2200000zi 4500 |
| 001 | 9.939874 |
| 003 | CaOODSP |
| 005 | 20240626115640 |
| 006 | m o d f |
| 007 | cr mn||||||||| |
| 008 | 240626t20242024onc ob f000 0 eng d |
| 040 | |aCaOODSP|beng|erda|cCaOODSP |
| 043 | |an-cn--- |
| 086 | 1 |aYM32-3/441-C65E-PDF |
| 100 | 1 |aBarnes, Andre, |eauthor. |
| 245 | 10|aBill C-65 : |bAn Act to amend the Canada Elections Act / |cAndre Barnes and Laurence Brosseau. |
| 250 | |aPreliminary version unedited. |
| 264 | 1|aOttawa, Canada : |bLibrary of Parliament = Bibliothèque du Parlement, |c2024. |
| 264 | 4|c©2024 |
| 300 | |a1 online resource (iv, 43 pages). |
| 336 | |atext|btxt|2rdacontent |
| 337 | |acomputer|bc|2rdamedia |
| 338 | |aonline resource|bcr|2rdacarrier |
| 490 | 1 |aLegislative summary ; |vno. 44-1-C65-E |
| 500 | |aCover title. |
| 500 | |aIssued also in French under title: Projet de Loi C-65 : Loi modifiant la Loi électorale du Canada. |
| 504 | |aIncludes bibliographical references (page 43). |
| 520 | |a"Bill C-65, An Act to amend the Canada Elections Act (short title: Electoral Participation Act), was introduced in the House of Commons on 20 March 2024 by the Minister of Public Safety, Democratic Institutions and Intergovernmental Affairs"--Background, page 1. |
| 610 | 10|aCanada. |tCanada Elections Act. |
| 650 | 0|aElection law|zCanada. |
| 710 | 1 |aCanada. |bLibrary of Parliament, |eissuing body. |
| 710 | 1 |aCanada. |bParliamentary Information and Research Service, |eissuing body. |
| 775 | 08|tProjet de Loi C-65 : |w(CaOODSP)9.939876 |
| 830 | #0|aLegislative summary (Canada. Parliamentary Information and Research Service)|vno. 44-1-C65-E.|w(CaOODSP)9.504770 |
| 856 | 40|qPDF|s648 KB|uhttps://publications.gc.ca/collections/collection_2024/bdp-lop/ls/YM32-3-441-C65-eng.pdf |